000 00658nam a2200289Ia 4500
005 20260324140948.0
008 008 260324s9999 xx 000 0 eng d
020 _a9780429230585
037 _aEBOOK
040 _aCRL
040 _beng
040 _cCRL
041 _2eng
041 _aeng
084 _qCRL
100 _aJohn O'Neill
_91182333
245 4 _aThe Market
245 0 _bEthics, Knowledge and Politics
260 _bTaylor and Francis
260 _c1998
365 _a
365 _b290
856 _uhttp://www.taylorfrancis.com/books/9780429230585
942 _cEBOOK
999 _c1808990
_d1808990